000 00932nam a2200253 a 4500
001 BRCA_2024
005 20190320203635.0
008 170608s1915----sp-a######---#000-0#spa-#
041 _aspa
044 _asp
050 4 _aPQ6323
_b.C47 1915
100 1 _aCervantes Saavedra, Miguel de
_d1547-1616
_9213
245 1 0 _aEl Ingenioso Hidalgo Don Quijote de la Mancha
_ccompuesto por Miguel de Cervantes Saavedra.
260 _aBarcelona
_bRamón Sopena
_c1915
300 _a891 p.
_bil.
_c19 cm.
500 _aDonación Dr. Héctor Rivero Borrell Vázquez
500 _aLa biblioteca cuenta con un 2do. ejemplar perteneciente al Fondo Quijotil (261)
650 1 4 _aNovela española
_yÉpoca clásica, 1500-1700
_9215
650 1 4 _aLiteratura española
_yÉpoca clásica, 1500-1700
_9216
650 1 4 _aNovela española
_ySiglo XVII
_9217
650 1 4 _aDon Quijote (Personaje ficticio)
_xNovela
_96184
902 _aQAG
942 _2lcc
_cB
999 _c1790
_d1790